Ảnh hưởng của số lần phun kali nitrate qua lá đến năng suất và chất lượng trái quýt đường (Citrus reticulata Blanco cv. Duong) tại huyện Phụng Hiệp, tỉnh Hậu Giang : Luận văn thạc sĩ khoa học Nông nghiệp. Chuyên ngành Khoa học cây trồng

Nghiên cứu ảnh hưởng của phân kali trên chất lượng trái quýt đường

Shranjeno v:
Bibliografske podrobnosti
Glavni avtor: Lương, Ngân Hàng Xuyên
Format: Knjiga
Jezik:Undetermined
Izdano: Cần Thơ Trường Đại học Cần Thơ 2012
Teme:
Oznake: Označite
Brez oznak, prvi označite!
Thư viện lưu trữ: Trung tâm Học liệu Trường Đại học Cần Thơ
LEADER 01181nam a2200229Ia 4500
001 CTU_178106
008 210402s9999 xx 000 0 und d
082 |a 634.34 
082 |b X527 
088 |a 60620110 
100 |a Lương, Ngân Hàng Xuyên 
245 0 |a Ảnh hưởng của số lần phun kali nitrate qua lá đến năng suất và chất lượng trái quýt đường (Citrus reticulata Blanco cv. Duong) tại huyện Phụng Hiệp, tỉnh Hậu Giang : 
245 0 |b Luận văn thạc sĩ khoa học Nông nghiệp. Chuyên ngành Khoa học cây trồng 
245 0 |c Lương Ngân Hàng Xuyên ; Nguyễn Bảo Vệ (hướng dẫn Khoa học) 
260 |a Cần Thơ 
260 |b Trường Đại học Cần Thơ 
260 |c 2012 
520 |a Nghiên cứu ảnh hưởng của phân kali trên chất lượng trái quýt đường 
650 |a Trái cây có múi,Citrus fruits,Cây trồng,Plants 
650 |x Ảnh hưởng của ni tơ,Effect of nitrogen on 
904 |i Năm 
980 |a Trung tâm Học liệu Trường Đại học Cần Thơ